Voisins à la roulette anglaise - Statistiques

Statistiques générales
  • Ce quiz a été pris 247 fois
  • Le résultat moyen est 13 sur 20
Statistiques - réponses
Numéro Numéro et ses voisins % Correct
4 2-4-15-19-21
100%
0 0-3-15-26-32
92%
6 6-13-17-27-34
90%
3 0-3-12-26-35
88%
14 1-9-14-20-31
85%
7 7-12-18-28-29
85%
9 9-14-18-22-31
85%
16 1-5-16-24-33
83%
15 0-4-15-19-32
82%
1 1-14-16-20-33
82%
5 5-10-16-23-24
82%
13 6-11-13-27-36
82%
20 1-14-20-31-33
80%
2 2-4-17-21-25
80%
8 8-10-11-23-30
80%
25 2-17-21-25-34
78%
10 5-8-10-23-24
78%
17 2-6-17-25-34
75%
32 0-15-19-26-32
73%
12 3-7-12-28-35
73%
33 1-16-20-24-33
69%
18 7-9-18-22-29
69%
23 5-8-10-23-30
67%
21 2-4-19-21-25
62%
22 9-18-22-29-31
58%
11 8-11-13-30-36
55%
36 11-13-27-30-36
54%
19 4-15-19-21-32
50%
28 7-12-28-29-35
50%
29 7-18-22-28-29
44%
27 6-13-27-34-36
42%
30 8-11-23-30-36
40%
35 3-12-26-28-35
38%
24 5-10-16-24-33
33%
34 6-17-25-27-34
33%
26 0-3-26-32-35
31%
31 9-14-20-22-31
31%
Aucun quiz correspondant
Distribution des résultats
% des personnes avec chaque résultat
Percentile par nombre de réponses
Votre historique - résultats
Vous n’avez pas pris ce quiz